000 00488nam a2200205Ia 4500
005 20250425162128.0
008 250425s9999 xx 000 0 und d
020 _a0632029838
041 _aeng
082 _a574.5263
100 _aBARNES, R. S. K.
245 0 _aFUNDAMENTALS OF AQUATIC ECOLOGY
250 _a2ND ED.
260 _aEstados Unidos
_bBLACKWELL SCIENCE
_c1991
260 _aMALDEN
300 _a270
650 _aECOLOGIA MARINA
942 _c01
010 _a51739
999 _c222910
_d222910